<?xml version="1.0" encoding="UTF-8"?>
<record
    xmlns:xsi="http://www.w3.org/2001/XMLSchema-instance"
    xsi:schemaLocation="http://www.loc.gov/MARC21/slim http://www.loc.gov/standards/marcxml/schema/MARC21slim.xsd"
    xmlns="http://www.loc.gov/MARC21/slim">

  <leader>00844nas a2200253 a 4500</leader>
  <controlfield tag="001">1514</controlfield>
  <controlfield tag="003">BD-RjUL</controlfield>
  <controlfield tag="005">20211208233341.0</controlfield>
  <controlfield tag="008">131101c19769999bg mu         0    0eng d</controlfield>
  <datafield tag="035" ind1=" " ind2=" ">
    <subfield code="a">(BD-RjUL)1537</subfield>
  </datafield>
  <datafield tag="040" ind1=" " ind2=" ">
    <subfield code="a">BD-RjUL</subfield>
    <subfield code="b">eng</subfield>
    <subfield code="c">BD-RjUL</subfield>
  </datafield>
  <datafield tag="082" ind1=" " ind2=" ">
    <subfield code="a">330.9549205</subfield>
    <subfield code="b">ETR</subfield>
  </datafield>
  <datafield tag="110" ind1=" " ind2=" ">
    <subfield code="a"> Bangladesh Bank,</subfield>
    <subfield code="b">Statistics Dept.,</subfield>
    <subfield code="9">108346</subfield>
  </datafield>
  <datafield tag="245" ind1="1" ind2="0">
    <subfield code="a">Economic trends /</subfield>
    <subfield code="c"> Bangladesh Bank, Statistics Dept.,</subfield>
  </datafield>
  <datafield tag="260" ind1=" " ind2=" ">
    <subfield code="a">Dacca, Bangladesh :</subfield>
    <subfield code="b">Statistics Dept., Bangladesh Bank,</subfield>
    <subfield code="c">1976-</subfield>
  </datafield>
  <datafield tag="300" ind1=" " ind2=" ">
    <subfield code="a">v. ;</subfield>
    <subfield code="c">22 cm.</subfield>
  </datafield>
  <datafield tag="500" ind1=" " ind2=" ">
    <subfield code="a">On cover: Statistics Department, Bangladesh Bank.</subfield>
  </datafield>
  <datafield tag="500" ind1=" " ind2=" ">
    <subfield code="a">Present Title: Monthly Economic trends.</subfield>
  </datafield>
  <datafield tag="651" ind1=" " ind2="0">
    <subfield code="a">Bangladesh</subfield>
    <subfield code="x">Economic conditions</subfield>
    <subfield code="x">Periodicals.</subfield>
    <subfield code="9">4650</subfield>
  </datafield>
  <datafield tag="651" ind1=" " ind2="0">
    <subfield code="a">Bangladesh</subfield>
    <subfield code="x">Economic policy</subfield>
    <subfield code="9">8470</subfield>
  </datafield>
  <datafield tag="942" ind1=" " ind2=" ">
    <subfield code="2">ddc</subfield>
    <subfield code="c">CR</subfield>
  </datafield>
  <datafield tag="999" ind1=" " ind2=" ">
    <subfield code="c">1514</subfield>
    <subfield code="d">1514</subfield>
  </datafield>
  <datafield tag="952" ind1=" " ind2=" ">
    <subfield code="0">0</subfield>
    <subfield code="1">0</subfield>
    <subfield code="2">ddc</subfield>
    <subfield code="4">0</subfield>
    <subfield code="5">1</subfield>
    <subfield code="7">1</subfield>
    <subfield code="a">RUCL</subfield>
    <subfield code="b">RUCL</subfield>
    <subfield code="c">Serials </subfield>
    <subfield code="d">1977-02-05</subfield>
    <subfield code="e">Bangladesh Bank, Gift</subfield>
    <subfield code="g">0.00</subfield>
    <subfield code="h">Volume 2 (September 1977)</subfield>
    <subfield code="l">0</subfield>
    <subfield code="o">P 330.9549205 ETR V.2 1977 </subfield>
    <subfield code="r">2013-12-01 00:00:00</subfield>
    <subfield code="t">C-1</subfield>
    <subfield code="w">2013-12-01</subfield>
    <subfield code="y">CR</subfield>
  </datafield>
  <datafield tag="952" ind1=" " ind2=" ">
    <subfield code="0">0</subfield>
    <subfield code="1">0</subfield>
    <subfield code="2">ddc</subfield>
    <subfield code="4">0</subfield>
    <subfield code="5">1</subfield>
    <subfield code="7">1</subfield>
    <subfield code="a">RUCL</subfield>
    <subfield code="b">RUCL</subfield>
    <subfield code="c">Serials </subfield>
    <subfield code="d">2011-03-29</subfield>
    <subfield code="e">Bangladesh Bank, Gift</subfield>
    <subfield code="g">0.00</subfield>
    <subfield code="h">Volume 35 No.10-12  (2010)</subfield>
    <subfield code="l">0</subfield>
    <subfield code="o">P 330.9549205 ETR V.35 N.10-12 2010</subfield>
    <subfield code="r">2014-04-18 00:00:00</subfield>
    <subfield code="t">C-1</subfield>
    <subfield code="w">2014-04-18</subfield>
    <subfield code="y">CR</subfield>
  </datafield>
  <datafield tag="952" ind1=" " ind2=" ">
    <subfield code="0">0</subfield>
    <subfield code="1">0</subfield>
    <subfield code="2">ddc</subfield>
    <subfield code="4">0</subfield>
    <subfield code="5">1</subfield>
    <subfield code="7">0</subfield>
    <subfield code="a">RUCL</subfield>
    <subfield code="b">RUCL</subfield>
    <subfield code="c">Serials </subfield>
    <subfield code="d">2014-05-29</subfield>
    <subfield code="e">Bangladesh Bank, Gift</subfield>
    <subfield code="g">0.00</subfield>
    <subfield code="h">Volum 37 No.1-6  (2012)</subfield>
    <subfield code="l">0</subfield>
    <subfield code="o">P 330.9549205 ETR V-37 No.1-6 2012</subfield>
    <subfield code="r">2014-05-29 00:00:00</subfield>
    <subfield code="t">C-1</subfield>
    <subfield code="w">2014-05-29</subfield>
    <subfield code="y">CR</subfield>
  </datafield>
  <datafield tag="952" ind1=" " ind2=" ">
    <subfield code="0">0</subfield>
    <subfield code="1">0</subfield>
    <subfield code="2">ddc</subfield>
    <subfield code="4">0</subfield>
    <subfield code="5">1</subfield>
    <subfield code="7">0</subfield>
    <subfield code="a">RUCL</subfield>
    <subfield code="b">RUCL</subfield>
    <subfield code="c">Serials </subfield>
    <subfield code="d">2014-05-29</subfield>
    <subfield code="e">Bangladesh Bank, Gift</subfield>
    <subfield code="g">0.00</subfield>
    <subfield code="h">Volum 37 No.7-12  (2012)</subfield>
    <subfield code="l">0</subfield>
    <subfield code="o">P 330.9549205 ETR V-37 No.7-12 2012</subfield>
    <subfield code="r">2014-05-29 00:00:00</subfield>
    <subfield code="t">C-1</subfield>
    <subfield code="w">2014-05-29</subfield>
    <subfield code="y">CR</subfield>
  </datafield>
</record>
